Stati per esportazioni di Navi - Statistics

Statistiche generali
  • Questo quiz è stato fatto 16 volte
  • Il punteggio medio è 8 su 10
Statistiche sulle risposte
Esportazioni (milioni $) Continente Nazione % Corretto
15 112 Asia Cina
100%
3 524 Europa Italia
100%
5 453 Europa Germania
93%
10 165 Asia Giappone
87%
1 131 Europa Paesi Bassi
80%
1 896 Europa Norvegia
73%
17 703 Asia Corea del Sud
67%
1 283 Europa Finlandia
67%
2 153 Europa Polonia
67%
1 155 Oceania Isole Marshall
33%
Nessun quiz corrispondente trovato
Distribuzione punteggi
Percentuale di utenti per punteggio
Percentile per numero di risposta
I tuoi punteggi nel tempo
Non hai fatto questo quiz